Diálogos
Gorde:
| Egile nagusia: | |
|---|---|
| Formatua: | Liburua |
| Hizkuntza: | gaztelania |
| Argitaratua: |
Ciudad de México
Porrúa
1978
|
| Edizioa: | 17a. ed |
| Gaiak: | |
| Etiketak: |
Etiketa erantsi
Etiketarik gabe, Izan zaitez lehena erregistro honi etiketa jartzen!
|
MARC
| LEADER | 00000nam a2200000 a 4500 | ||
|---|---|---|---|
| 001 | UCV8391 | ||
| 003 | CL-VaPUC | ||
| 008 | 910516e19780000MX |||||||||||||||||spa|d | ||
| 082 | 0 | 4 | |a 184 |b PLA |2 21 |
| 100 | 0 | |a Platón |e author |9 222 | |
| 245 | 1 | 0 | |a Diálogos |
| 250 | |a 17a. ed | ||
| 300 | |a 733 p | ||
| 942 | |c BK | ||
| 945 | |d 19910516 00:00:00 | ||
| 260 | |a Ciudad de México |b Porrúa |c 1978 | ||
| 650 | 0 | |a Platonismo |9 265673 | |
| 583 | |a last modification |c 19910516 00:00:00 |k Rodrigo Vera | ||
| 999 | |c 213917 |d 213915 | ||
| 952 | |0 0 |1 0 |2 ddc |4 0 |6 184_000000000000000_PLA_1978 |7 0 |8 P |9 196786 |a BIBARQ |b BIBARQ |d 2019-11-14 |i 2645866 |o 184 PLA 1978 |p 2645866 |r 2025-01-20 |w 2019-11-14 |y BK |k ARQ | ||